Los nueve montes pelados o El milagro de las tres ciruelas (Registro nro. 16637)

Detalles MARC
000 -CABECERA
Longitud fija campo de control 00755nam a22002295b 4500
003 - IDENTIFICADOR DELl NÚMERO DE CONTROL
Identificador del número de control OSt
005 - FECHA Y HORA DE LA ÚLTIMA TRANSACCIÓN
Fecha y hora de la última transacción 20150218174918.0
008 - CÓDIGOS DE INFORMACIÓN DE LONGITUD FIJA
Códigos de información de longitud fija 911216s1990 sp | |||| ||spa
020 ## - NÚMERO INTERNACIONAL NORMALIZADO PARA LIBROS
Número Internacional Normalizado para Libros (ISBN) 84-7684-999-0
040 ## - FUENTE DE LA CATALOGACIÓN
Centro transcriptor BMC
082 ## - NÚMERO DE LA CLASIFICACIÓN DECIMAL DEWEY
Númeroo de clasificación 862.0904
100 1# - PUNTO DE ACCESO PRINCIPAL-NOMBRE DE PERSONA
Nombre de persona Custodio, Álvaro
9 (RLIN) 29506
245 14 - MENCIÓN DE TÍTULO
Título Los nueve montes pelados o El milagro de las tres ciruelas
Resto del título : tragifarsa ejemplarizante
Mención de responsabilidad, etc. Alvaro Custodio ; [introducción de César Oliva]
260 ## - PUBLICACIÓN, DISTRIBUCIÓN, ETC. (PIE DE IMPRENTA)
Lugar de publicación, distribución, etc. Murcia
Nombre del editor, distribuidor, etc. Universidad de Murcia
Fecha de publicación, distribución, etc. D.L. 1990
300 ## - DESCRIPCIÓN FÍSICA
Extensión 88 p.
Dimensiones 19 cm
490 ## - MENCIÓN DE SERIE
Mención de serie Antología teatral española
Designación de volumen o secuencia 10
650 24 - PUNTO DE ACCESO ADICIONAL DE MATERIA - TÉRMINO DE MATERIA
9 (RLIN) 28111
Término de materia o nombre geográfico como elemento inicial Teatro español
Subdivisión cronológica S. XX
700 1# - PUNTO DE ACCESO ADICIONAL - NOMBRE DE PERSONA
Nombre de persona Oliva, César
9 (RLIN) 28237
740 41 - PUNTO DE ACCESO ADICIONAL - TÍTULO RELACIONADO O ANALÍTICO NO CONTROLADO
Título relacionado o analítico no controlado Los nueve montes pelados
740 31 - PUNTO DE ACCESO ADICIONAL - TÍTULO RELACIONADO O ANALÍTICO NO CONTROLADO
Título relacionado o analítico no controlado El milagro de las tres ciruelas
942 ## - ENTRADA DE ELEMENTOS AGREGADOS (KOHA)
Fuente de clasificaión o esquema Dewey Decimal Classification
Koha [por defecto] tipo de item 1- Monografias
Existencias
Suprimido Perdido Fuente de clasificación o esquema Estropeado Restricciones de uso No para préstamo Código de colección Localización permanente Localización actual Localización en estanter&íacute;as Fecha adquisición Fuente de adquisición Número de inventario Préstamos totales Signatura completa Código de barras Fecha última consulta Coste, precio reemplazado Fecha del precio de reemplazo Tipo de item de Koha
NULL NULL Dewey Decimal Classification NULL Prestable NULL NULL Biblioteca Miguel de Cervantes - UNICAES Biblioteca Miguel de Cervantes - UNICAES Sala Principal 12/12/2014 Donación - Hnas Concepcionistas 025912   T CUS nue 1026322 12/12/2014 6.00 12/12/2014 1- Monografias